000 00542nam a22001817a 4500
999 _c152535
_d152535
003 LDD
005 20181206151355.0
008 181206b ||||| |||| 00| 0 eng d
022 _a1743873X
037 _bCentral News Agency Pvt Ltd
_fPrint
040 _aLDD
_bEnglish
245 _aJournal of Heritage Tourism
_cDallen Timothy (Editor)
_hEnglish
260 _aUnited Kingdom
_bRoutledge
_c2006
310 _aQuarterly
650 _aGENEALOGY AND HERALDRY
942 _2ddc
_cSJ
_s1